000 00287nam a2200121Ia 4500
008 211105s9999 xx 000 0 und d
020 _aVYASA12982
100 _aWerner Karel
245 0 _aSymbols In Art And Religion
250 _a\N
260 _bMotilal banarsidass
_c\N
300 _a221p.
999 _c8093
_d8093